[Event "Ljubljana-chT 75th"]
[Site "Ljubljana"]
[Date "2023.03.02"]
[Round "6.2"]
[White "Medvesek, Janez"]
[Black "Veskovic, Dzemal"]
[Result "1-0"]
[WhiteElo "1825"]
[BlackElo "1876"]
[PlyCount "51"]
[EventDate "2023.01.12"]
[EventType "team-swiss"]
[EventRounds "9"]
[EventCountry "SLO"]
[SourceTitle "EXT 2024"]
[Source "ChessBase"]
[SourceDate "2023.10.10"]
[SourceVersion "1"]
[SourceVersionDate "2023.10.10"]
[SourceQuality "1"]
[WhiteTeam "Zagorje ob Savi"]
[BlackTeam "Menges Trzin"]
[WhiteTeamCountry "SLO"]
[BlackTeamCountry "SLO"]

1. d4 e6 2. c4 d6 3. e4 Be7 4. Nc3 a6 5. Bd3 c5 6. d5 e5 7. f4 Nd7 8. Nf3 Bf6 9. 0-0 Ne7 10. Qe1 0-0 11. f5 Kh8 12. g4 Ng8 13. Qg3 g5 14. Kg2 h6 15. Rh1 Bg7 16. h4 f6 17. hxg5 fxg5 18. Nxg5 Ndf6 19. Nf3 Nh7 20. g5 Qe7 21. Nh4 Qf7 22. Ng6+ Qxg6 23. fxg6 Nhf6 24. gxh6 Nxh6 25. Bxh6 Bxh6 26. g7+ 1-0

[Event "Ljubljana-chT 75th"]
[Site "Ljubljana"]
[Date "2023.02.16"]
[Round "4.2"]
[White "Borstar, Dusan"]
[Black "Veskovic, Dzemal"]
[Result "1-0"]
[WhiteElo "1687"]
[BlackElo "1876"]
[PlyCount "113"]
[EventDate "2023.01.12"]
[EventType "team-swiss"]
[EventRounds "9"]
[EventCountry "SLO"]
[SourceTitle "EXT 2024"]
[Source "ChessBase"]
[SourceDate "2023.10.10"]
[SourceVersion "1"]
[SourceVersionDate "2023.10.10"]
[SourceQuality "1"]
[WhiteTeam "Ljubljana SK"]
[BlackTeam "Menges Trzin"]
[WhiteTeamCountry "SLO"]
[BlackTeamCountry "SLO"]

1. e4 e6 2. d4 d6 3. Nf3 Be7 4. Bd3 Nc6 5. c3 a6 6. Be3 e5 7. d5 Nb8 8. Qc2 Nf6 9. h3 0-0 10. Nbd2 c5 11. dxc6 bxc6 12. Nc4 c5 13. 0-0-0 Nbd7 14. Be2 Qc7 15. Nh4 Nb6 16. g4 Nxc4 17. Bxc4 Bb7 18. Rhg1 Bxe4 19. Qe2 d5 20. g5 Ne8 21. Bxd5 Bxd5 22. Rxd5 Qa5 23. Nf5 Bd8 24. Qc4 Qb5 25. Qxc5 Nc7 26. Rxe5 Ne6 27. Qxb5 axb5 28. a3 Rb8 29. Nd4 Nxd4 30. Bxd4 f6 31. gxf6 Bxf6 32. Re2 Bxd4 33. cxd4 b4 34. Rg3 Rfc8+ 35. Rc2 Re8 36. Rb3 Re1+ 37. Kd2 Rbe8 38. Re3 R1xe3 39. fxe3 bxa3 40. bxa3 h5 41. Ra2 g5 42. Kd3 Kf7 43. a4 g4 44. hxg4 hxg4 45. a5 Kf6 46. a6 Kg5 47. Ke2 Kh4 48. a7 Ra8 49. Kf2 Kh3 50. Kg1 g3 51. Ra1 g2 52. e4 Kg3 53. e5 Kf3 54. e6 Ke4 55. e7 Kxd4 56. e8Q Rxe8 57. a8Q 1-0

[Event "SLO-chT3 West"]
[Site "Komenda"]
[Date "2022.12.09"]
[Round "1.1"]
[White "Veskovic, Dzemal"]
[Black "Skoberne, Jure"]
[Result "0-1"]
[WhiteElo "1847"]
[BlackElo "2538"]
[PlyCount "80"]
[EventDate "2022.12.09"]
[EventType "team-swiss"]
[EventRounds "5"]
[EventCountry "SLO"]
[SourceTitle "EXT 2024"]
[Source "ChessBase"]
[SourceDate "2023.10.10"]
[SourceVersion "1"]
[SourceVersionDate "2023.10.10"]
[SourceQuality "1"]
[WhiteTeam "Menges Trzin"]
[BlackTeam "Posocje"]
[WhiteTeamCountry "SLO"]
[BlackTeamCountry "SLO"]

1. e4 c5 2. Nc3 Nc6 3. Nf3 e5 4. Bc4 Be7 5. 0-0 Nf6 6. d3 0-0 7. a3 d6 8. h3 Nd7 9. Nd5 Nb6 10. Nxe7+ Qxe7 11. Bg5 Qe8 12. Ba2 Be6 13. c3 f5 14. exf5 Bxa2 15. Rxa2 Qf7 16. Ra1 Qxf5 17. Be3 Kh8 18. Nh4 Qf7 19. b4 cxb4 20. axb4 Nd5 21. Qd2 Qh5 22. g3 a6 23. Rab1 b5 24. c4 Nf4 25. Bxf4 exf4 26. cxb5 axb5 27. Ra1 Nd4 28. Rxa8 Rxa8 29. Qb2 Qe5 30. Kh1 Qd5+ 31. Ng2 Nf5 32. Ra1 Rf8 33. Qa2 Qf3 34. Qe6 fxg3 35. fxg3 h6 36. g4 Qxh3+ 37. Kg1 Ng3 38. Nf4 Qh1+ 39. Kf2 Rxf4+ 40. Kxg3 Rf3# 0-1

[Event "SLO-chT Central 23rd"]
[Site "Slovenia"]
[Date "2022.09.29"]
[Round "2.2"]
[White "Veskovic, Dzemal"]
[Black "Lanjscek, Miha"]
[Result "0-1"]
[WhiteElo "1860"]
[BlackElo "1805"]
[PlyCount "54"]
[EventDate "2022.09.15"]
[EventType "team-swiss"]
[EventRounds "9"]
[EventCountry "SLO"]
[SourceTitle "EXT 2024"]
[Source "ChessBase"]
[SourceDate "2023.10.10"]
[SourceVersion "1"]
[SourceVersionDate "2023.10.10"]
[SourceQuality "1"]
[WhiteTeam "Menges Trzin"]
[BlackTeam "Trzin Pekos Pub"]
[WhiteTeamCountry "SLO"]
[BlackTeamCountry "SLO"]

1. e4 c5 2. Nc3 a6 3. Nf3 e6 4. d4 cxd4 5. Nxd4 Qc7 6. Be2 Bb4 7. Qd3 Nf6 8. 0-0 b5 9. f4 Bxc3 10. bxc3 Bb7 11. Bf3 d5 12. e5 Ne4 13. Bb2 Nd7 14. Bxe4 dxe4 15. Qe3 Rc8 16. a4 bxa4 17. Rxa4 Nb6 18. Rb4 Nd5 19. Qe1 Nxb4 20. cxb4 Qb6 21. c3 a5 22. b5 Bd5 23. Qe3 Bc4 24. Re1 Bxb5 25. Qxe4 Bc6 26. Qe3 Qxb2 27. Nxc6 Rxc6 0-1

[Event "Ljubljana-chT 73rd"]
[Site "Ljubljana"]
[Date "2020.03.05"]
[Round "6.1"]
[White "Coklin, Marko"]
[Black "Veskovic, Dzemal"]
[Result "1-0"]
[WhiteElo "2200"]
[BlackElo "1879"]
[PlyCount "120"]
[EventDate "2020.01.16"]
[EventType "team-swiss"]
[EventRounds "6"]
[EventCountry "SLO"]
[SourceTitle "EXT 2024"]
[Source "ChessBase"]
[SourceDate "2023.10.10"]
[SourceVersion "1"]
[SourceVersionDate "2023.10.10"]
[SourceQuality "1"]
[WhiteTeam "Trzin Buscotrade"]
[BlackTeam "Menges Trzin II"]
[WhiteTeamCountry "SLO"]
[BlackTeamCountry "SLO"]

1. d4 e6 2. e4 d6 3. c4 Be7 4. Nc3 Nd7 5. Nf3 e5 6. Be2 c6 7. 0-0 Ngf6 8. h3 0-0 9. Be3 b6 10. Qc2 h6 11. Rfd1 Qe8 12. Nd2 Nh7 13. f4 Bf6 14. fxe5 dxe5 15. d5 c5 16. a3 Qd8 17. b4 Bg5 18. Bf2 Bh4 19. g3 Be7 20. Rab1 a5 21. bxa5 Rxa5 22. Nb5 Ra8 23. Kh2 Ba6 24. d6 Bg5 25. Nc7 Bb7 26. Nxa8 Qxa8 27. Bd3 Bxd2 28. Rxd2 Ng5 29. Re2 Nf3+ 30. Kg2 Nd4 31. Bxd4 cxd4 32. Kh2 Qxa3 33. Rb5 Qxd6 34. Qb1 Bc6 35. Rb4 Qc5 36. Ra2 g6 37. Ra7 Qd6 38. Rb2 h5 39. Ra6 Qc7 40. Rba2 Qd8 41. Ra7 h4 42. gxh4 Qxh4 43. Rc7 Qf4+ 44. Kg2 Nb8 45. Rf2 Qg5+ 46. Kh2 Qe3 47. Qf1 Bd7 48. Rf3 Qd2+ 49. Rf2 Qe3 50. Rb2 Bxh3 51. Qxh3 Kg7 52. Qxe3 dxe3 53. Rxb6 Rd8 54. Kg3 Rxd3 55. Rxb8 e2+ 56. Kf2 Re3 57. Rb1 Rxe4 58. Re1 Rf4+ 59. Kxe2 Kh6 60. Rf1 Re4+ 1-0

[Event "SLO-chT Central 1st League 20th"]
[Site "Slovenia"]
[Date "2019.11.07"]
[Round "8.1"]
[White "Veskovic, Dzemal"]
[Black "Hribar, Janez"]
[Result "0-1"]
[WhiteElo "1885"]
[BlackElo "1969"]
[PlyCount "92"]
[EventDate "2019.09.12"]
[EventType "team-tourn"]
[EventRounds "9"]
[EventCountry "SLO"]
[SourceTitle "EXT 2024"]
[Source "ChessBase"]
[SourceDate "2023.10.10"]
[SourceVersion "1"]
[SourceVersionDate "2023.10.10"]
[SourceQuality "1"]
[WhiteTeam "Menges Trzin II"]
[BlackTeam "Crni Graben"]
[WhiteTeamCountry "SLO"]
[BlackTeamCountry "SLO"]

1. e4 c5 2. Nc3 Nc6 3. Nf3 g6 4. Bc4 Bg7 5. a3 e6 6. 0-0 Nge7 7. h3 0-0 8. d3 d5 9. Ba2 h6 10. Ne2 b6 11. c3 Ba6 12. exd5 Nxd5 13. Bc4 b5 14. Bxd5 Qxd5 15. Be3 e5 16. Qd2 Kh7 17. Rad1 f5 18. b4 Nd4 19. cxd4 cxd4 20. Bg5 hxg5 21. Qxg5 Bf6 22. Qc1 Rac8 23. Qb1 Bb7 24. Rc1 e4 25. Ne1 Bg5 26. Rxc8 Rxc8 27. f4 Bh4 28. dxe4 fxe4 29. f5 g5 30. f6 d3 31. Nf4 gxf4 32. Rxf4 Bg5 33. Rf1 Qd4+ 34. Kh1 Bxf6 35. Qd1 Qe5 36. Nxd3 exd3 37. Qxd3+ Kg7 38. Qd7+ Qe7 39. Qg4+ Kh6 40. Qf5 Rc6 41. Rd1 Re6 42. Qf4+ Bg5 43. Qg3 Qf6 44. Qb8 Bxg2+ 45. Kxg2 Re2+ 46. Kg3 Bh4+ 0-1

[Event "SLO-chT Central 1st League 20th"]
[Site "Slovenia"]
[Date "2019.10.03"]
[Round "4.1"]
[White "Babic, Miroslav"]
[Black "Veskovic, Dzemal"]
[Result "0-1"]
[WhiteElo "1695"]
[BlackElo "1885"]
[PlyCount "145"]
[EventDate "2019.09.12"]
[EventType "team-tourn"]
[EventRounds "9"]
[EventCountry "SLO"]
[SourceTitle "EXT 2024"]
[Source "ChessBase"]
[SourceDate "2023.10.10"]
[SourceVersion "1"]
[SourceVersionDate "2023.10.10"]
[SourceQuality "1"]
[WhiteTeam "Ljubljana SK"]
[BlackTeam "Menges Trzin II"]
[WhiteTeamCountry "SLO"]
[BlackTeamCountry "SLO"]

1. e4 e6 2. d4 d6 3. Nf3 Be7 4. c3 a6 5. Be3 Nd7 6. Nbd2 e5 7. d5 Ngf6 8. h3 0-0 9. Bd3 h6 10. Nf1 Nh7 11. Ng3 Ndf6 12. Qd2 Bd7 13. Qe2 c5 14. c4 Rb8 15. 0-0 b5 16. b3 b4 17. a3 a5 18. axb4 axb4 19. Ra7 Ra8 20. Rfa1 Rxa7 21. Rxa7 Qc8 22. Qa2 Re8 23. Nh2 Nf8 24. Nf3 Ng6 25. h4 Bg4 26. Nf5 Nh5 27. Qa6 Bxf5 28. exf5 Qxa6 29. Rxa6 Ngf4 30. Bf1 e4 31. Nd2 Bf8 32. g3 Nd3 33. Bg2 Nf6 34. Bh3 Ne1 35. Kf1 Nf3 36. Bg2 Nxd2+ 37. Bxd2 Ng4 38. Be3 h5 39. Ke2 Nf6 40. Bf4 Rd8 41. Bg5 Re8 42. Bxf6 gxf6 43. Bh3 e3 44. f3 Kg7 45. Bg2 Re5 46. g4 hxg4 47. fxg4 Re8 48. Bf3 Be7 49. Ra7 Bf8 50. Kd3 Kg8 51. Be2 Bh6 52. Rd7 Bf4 53. Ra7 Kg7 54. Ra6 Re7 55. g5 fxg5 56. hxg5 Bxg5 57. Rxd6 Ra7 58. Rc6 Ra2 59. f6+ Kg6 60. Bf3 Rd2+ 61. Ke4 e2 62. Bxe2 Rxe2+ 63. Kf3 Re3+ 64. Kg4 Rxb3 65. Rxc5 Bxf6 66. d6 Rd3 67. Rc6 b3 68. c5 b2 69. Rb6 Rd1 70. c6 b1Q 71. Rxb1 Rxb1 72. d7 Rd1 73. Kf4 0-1

[Event "Ljubljana-chT 72nd 1st League"]
[Site "Ljubljana"]
[Date "2019.03.07"]
[Round "6.1"]
[White "Veskovic, Dzemal"]
[Black "Suhadolnik, Jernej"]
[Result "1/2-1/2"]
[WhiteElo "1872"]
[BlackElo "1855"]
[PlyCount "121"]
[EventDate "2019.01.10"]
[EventType "team-tourn"]
[EventRounds "9"]
[EventCountry "SLO"]
[SourceTitle "EXT 2024"]
[Source "ChessBase"]
[SourceDate "2023.10.10"]
[SourceVersion "1"]
[SourceVersionDate "2023.10.10"]
[SourceQuality "1"]
[WhiteTeam "Menges Trzin"]
[BlackTeam "Trzin Pekos Pub"]
[WhiteTeamCountry "SLO"]
[BlackTeamCountry "SLO"]

1. e4 b6 2. Nc3 e6 3. d4 Ne7 4. Nf3 d6 5. Be2 Nd7 6. 0-0 h6 7. h3 g6 8. d5 e5 9. a4 a6 10. b4 Bg7 11. Be3 f5 12. Bd3 Nf6 13. Nh2 fxe4 14. Bxe4 Nxe4 15. Nxe4 Bf5 16. Ng3 Qd7 17. c4 0-0 18. Nxf5 Nxf5 19. a5 e4 20. Ra2 bxa5 21. Rxa5 Rfb8 22. Qd2 Nxe3 23. fxe3 h5 24. Rb1 Rb6 25. Qa2 Rab8 26. Qa3 c5 27. dxc6 Qxc6 28. Qb3 Rxb4 29. Qxb4 Rxb4 30. Rxb4 Bc3 31. Rb8+ Kf7 32. Ra2 Qxc4 33. Rf2+ Ke7 34. Rb7+ Ke6 35. Nf1 a5 36. Rff7 a4 37. Rfc7 Qd3 38. Ra7 Bd2 39. Re7+ Kf6 40. Rf7+ Kg5 41. Rxa4 Bxe3+ 42. Nxe3 Qxe3+ 43. Kh2 h4 44. Ra5+ Kh6 45. Ra8 d5 46. Rh8+ Kg5 47. Rd7 Qg3+ 48. Kh1 Qb3 49. Rhd8 e3 50. Rxd5+ Kf4 51. Rd4+ Kf5 52. R8d5+ Ke6 53. Rd8 Qc3 54. Rd1 Ke7 55. R8d4 Kf6 56. Rf1+ Ke5 57. Rd8 Ke4 58. Re8+ Kd3 59. Rf3 Ke2 60. Re7 Qa3 61. Re6 1/2-1/2

[Event "SLO-chT1 Central 19th"]
[Site "Slovenia"]
[Date "2018.11.15"]
[Round "9.1"]
[White "Cimperman, Teo"]
[Black "Veskovic, Dzemal"]
[Result "0-1"]
[WhiteElo "1293"]
[BlackElo "1843"]
[PlyCount "86"]
[EventDate "2018.09.13"]
[EventType "team-tourn"]
[EventRounds "9"]
[EventCountry "SLO"]
[SourceTitle "EXT 2021"]
[Source "ChessBase"]
[SourceDate "2020.10.23"]
[SourceVersion "1"]
[SourceVersionDate "2020.10.23"]
[SourceQuality "1"]
[WhiteTeam "Komenda Pogi"]
[BlackTeam "Trzin Menges"]
[WhiteTeamCountry "SLO"]
[BlackTeamCountry "SLO"]

1. e4 e6 2. d4 d6 3. Nf3 Be7 4. Nc3 c6 5. Bd3 Nd7 6. Bf4 h6 7. h3 Ngf6 8. Qd2 a6 9. 0-0 g5 10. Bh2 g4 11. hxg4 Nxg4 12. e5 Nxh2 13. Kxh2 Bg5 14. Qe2 dxe5 15. dxe5 Qc7 16. g3 Nc5 17. Kg2 b5 18. Rh1 Rg8 19. Ne4 Nxe4 20. Qxe4 Bb7 21. Qg4 0-0-0 22. Nxg5 Rxg5 23. Qf4 c5+ 24. f3 Qxe5 25. Qxe5 Rxe5 26. Rxh6 c4 27. Bf1 Rd2+ 28. Kg1 Bxf3 29. Rc1 Rg5 30. Rh3 Kc7 31. b3 c3 32. a4 Kb6 33. axb5 axb5 34. Bd3 f5 35. Rf1 Bg2 36. Rh6 Bxf1 37. Rxe6+ Kc7 38. Kxf1 Rxg3 39. Re5 Rf3+ 40. Kg1 Rfxd3 41. cxd3 c2 42. Rc5+ Kb6 43. Rc3 Rd1+ 0-1

[Event "Ljubljana-chT 71st 1st League"]
[Site "Ljubljana"]
[Date "2018.03.15"]
[Round "6.1"]
[White "Siraj, Anej"]
[Black "Veskovic, Dzemal"]
[Result "1-0"]
[WhiteElo "1956"]
[BlackElo "1849"]
[PlyCount "133"]
[EventDate "2018.01.11"]
[EventType "team-tourn"]
[EventRounds "9"]
[EventCountry "SLO"]
[SourceTitle "EXT 2024"]
[Source "ChessBase"]
[SourceDate "2023.10.10"]
[SourceVersion "1"]
[SourceVersionDate "2023.10.10"]
[SourceQuality "1"]
[WhiteTeam "Vrhnika"]
[BlackTeam "Menges Trzin II"]
[WhiteTeamCountry "SLO"]
[BlackTeamCountry "SLO"]

1. d4 e6 2. Nf3 Nf6 3. Bf4 d6 4. Nbd2 Be7 5. e4 Nbd7 6. Nc4 Nxe4 7. Bd3 Nef6 8. c3 a6 9. a4 b6 10. Kf1 Bb7 11. h4 h5 12. Ng5 Nd5 13. Bd2 Bf6 14. Qc2 Qe7 15. Re1 0-0-0 16. Na3 Bxg5 17. hxg5 Qf8 18. a5 h4 19. axb6 N5xb6 20. Be4 d5 21. Bd3 Qd6 22. Ra1 e5 23. Nb1 Nc4 24. Bc1 e4 25. Be2 Qb6 26. b3 Nd6 27. Qa2 f5 28. Bxa6 Bxa6+ 29. Qxa6+ Qxa6+ 30. Rxa6 Kb7 31. Ra5 Ra8 32. Rxa8 Kxa8 33. Bf4 Ne8 34. Bg3 c5 35. Rxh4 Rxh4 36. Bxh4 g6 37. dxc5 Nxc5 38. Nd2 Ng7 39. Bg3 Nge6 40. Bd6 Nd3 41. Be7 Kb7 42. g3 Ne5 43. Ke2 Kc6 44. f3 exf3+ 45. Nxf3 Nxf3 46. Kxf3 d4 47. c4 Kd7 48. Bf6 Nc5 49. b4 Nb3 50. Ke2 Ke6 51. Kd3 Nc1+ 52. Kd2 Na2 53. Be7 Nc3 54. Kd3 Ne4 55. Kxd4 Nxg3 56. b5 Kd7 57. Bf6 Ne2+ 58. Ke3 Nc1 59. c5 f4+ 60. Kf3 Nd3 61. Bd4 Kc7 62. Ke4 Nb4 63. Kxf4 Nd5+ 64. Ke5 Ne7 65. Kf6 Nf5 66. Be5+ Kb7 67. Kxg6 1-0

[Event "Ljubljana-chT 71st 1st League"]
[Site "Ljubljana"]
[Date "2018.01.11"]
[Round "1.1"]
[White "Sedlar, Tomo"]
[Black "Veskovic, Dzemal"]
[Result "1/2-1/2"]
[WhiteElo "1830"]
[BlackElo "1849"]
[PlyCount "55"]
[EventDate "2018.01.11"]
[EventType "team-tourn"]
[EventRounds "9"]
[EventCountry "SLO"]
[SourceTitle "EXT 2024"]
[Source "ChessBase"]
[SourceDate "2023.10.10"]
[SourceVersion "1"]
[SourceVersionDate "2023.10.10"]
[SourceQuality "1"]
[WhiteTeam "Menges Trzin"]
[BlackTeam "Menges Trzin II"]
[WhiteTeamCountry "SLO"]
[BlackTeamCountry "SLO"]

1. d4 e6 2. c4 Be7 3. Nc3 Nf6 4. Nf3 0-0 5. Bf4 d6 6. e3 a6 7. Bd3 Nbd7 8. h3 c5 9. d5 e5 10. Bh2 h6 11. 0-0 Re8 12. Qc2 Nf8 13. Nd2 N6h7 14. f4 Bf6 15. Nde4 exf4 16. Bxf4 Be5 17. Qf2 f6 18. Bxe5 Rxe5 19. Nd2 Qe7 20. Rae1 Ng5 21. h4 Ngh7 22. Nf3 Rh5 23. Ne4 Bf5 24. Qc2 Bg4 25. Nh2 Bd7 26. Nf3 Bg4 27. Nh2 Bd7 28. Nf3 1/2-1/2

[Event "SLO-chT Central 1st League 18th"]
[Site "Slovenia"]
[Date "2017.10.12"]
[Round "5.1"]
[White "Veskovic, Dzemal"]
[Black "Jukan, Nesib"]
[Result "1/2-1/2"]
[WhiteElo "1862"]
[BlackElo "2007"]
[PlyCount "35"]
[EventDate "2017.09.14"]
[EventType "team-swiss"]
[EventRounds "9"]
[EventCountry "SLO"]
[SourceTitle "EXT 2022"]
[Source "ChessBase"]
[SourceDate "2021.10.06"]
[SourceVersion "1"]
[SourceVersionDate "2021.10.06"]
[SourceQuality "1"]
[WhiteTeam "Kamnik DU"]
[BlackTeam "Trzin Buscotrade II"]
[WhiteTeamCountry "SLO"]
[BlackTeamCountry "SLO"]

1. e4 e5 2. Nc3 Nf6 3. Nf3 Bb4 4. d3 d5 5. exd5 Qxd5 6. Bd2 Bxc3 7. Bxc3 Nc6 8. Be2 Bg4 9. 0-0 0-0-0 10. Nd2 Bxe2 11. Qxe2 Nd4 12. Bxd4 exd4 13. Qf3 Rhe8 14. Qxd5 Nxd5 15. a3 Re2 16. Rfd1 Rde8 17. Kf1 f5 18. Re1 1/2-1/2

[Event "SLO-chT Central 1st League 18th"]
[Site "Slovenia"]
[Date "2017.09.14"]
[Round "1.2"]
[White "Veskovic, Dzemal"]
[Black "Perme, Martin"]
[Result "1-0"]
[WhiteElo "1862"]
[BlackElo "1007"]
[PlyCount "77"]
[EventDate "2017.09.14"]
[EventType "team-swiss"]
[EventRounds "9"]
[EventCountry "SLO"]
[SourceTitle "EXT 2022"]
[Source "ChessBase"]
[SourceDate "2021.10.06"]
[SourceVersion "1"]
[SourceVersionDate "2021.10.06"]
[SourceQuality "1"]
[WhiteTeam "Kamnik DU"]
[BlackTeam "Komenda Suma"]
[WhiteTeamCountry "SLO"]
[BlackTeamCountry "SLO"]

1. e4 e5 2. Nf3 Nc6 3. Nc3 Bc5 4. Bc4 Nf6 5. d3 h6 6. 0-0 0-0 7. Be3 Bb6 8. h3 d6 9. Nd5 Be6 10. a4 a5 11. c3 Kh8 12. Qd2 Rg8 13. Bxb6 cxb6 14. Qe3 Nd7 15. d4 exd4 16. cxd4 f5 17. exf5 Bxf5 18. Qf4 Rf8 19. Qxd6 Bxh3 20. Qg3 Be6 21. Rfe1 Bxd5 22. Bxd5 Rf6 23. Be4 Rf8 24. Nh4 Ne7 25. Bxb7 Ra7 26. Rxe7 Qxe7 27. Ng6+ Kh7 28. Nxe7 Rxb7 29. Qd3+ Kh8 30. Ng6+ Kg8 31. Nxf8 Nxf8 32. Re1 Rc7 33. Re8 Rc1+ 34. Kh2 Rc7 35. Qb3+ Rf7 36. Re7 Ne6 37. Qxe6 Kh7 38. Qxf7 b5 39. Qxg7# 1-0

[Event "SLO-chT Central 1st League 16th"]
[Site "Slovenia"]
[Date "2015.11.05"]
[Round "6.1"]
[White "Kremzer, Zdravko"]
[Black "Veskovic, Dzemal"]
[Result "0-1"]
[WhiteElo "1702"]
[BlackElo "1884"]
[PlyCount "94"]
[EventDate "2015.09.10"]
[EventType "team-tourn"]
[EventRounds "9"]
[EventCountry "SLO"]
[SourceTitle "EXT 2022"]
[Source "ChessBase"]
[SourceDate "2021.10.06"]
[SourceVersion "1"]
[SourceVersionDate "2021.10.06"]
[SourceQuality "1"]
[WhiteTeam "Bor Dob II"]
[BlackTeam "Kamnik DU"]
[WhiteTeamCountry "SLO"]
[BlackTeamCountry "SLO"]

1. e4 e6 2. d4 d6 3. c4 Be7 4. Nc3 Nd7 5. Bd3 e5 6. d5 a6 7. Nge2 Ngf6 8. 0-0 0-0 9. f4 c6 10. f5 Ng4 11. h3 Qb6+ 12. Kh1 Nf2+ 13. Rxf2 Qxf2 14. Qc2 h6 15. Nd1 Qe1+ 16. Kh2 Bg5 17. Ndc3 Bf4+ 18. Nxf4 exf4 19. Rb1 Qg3+ 20. Kh1 f3 21. Bf1 Ne5 22. Be3 fxg2+ 23. Bxg2 Qxe3 24. b3 Nd3 25. Rf1 Ne1 26. Qb2 Qg3 27. Na4 Qxg2+ 28. Qxg2 Nxg2 29. Kxg2 c5 30. Nb6 Rb8 31. Kg3 f6 32. Rg1 Re8 33. Kf3 Re7 34. Rg4 Bd7 35. Rh4 Be8 36. Rf4 Bh5+ 37. Ke3 Rbe8 38. Na4 b5 39. cxb5 axb5 40. Nc3 Rb8 41. Rf1 c4 42. b4 Ra7 43. Ra1 Ra3 44. Kd4 Be8 45. Rf1 Rba8 46. Rf2 R8a4 47. Nxa4 Rd3# 0-1

[Event "SLO-chT Central 1st League 16th"]
[Site "Slovenia"]
[Date "2015.09.10"]
[Round "1.1"]
[White "Marn, Jan"]
[Black "Veskovic, Dzemal"]
[Result "1-0"]
[WhiteElo "1810"]
[BlackElo "1884"]
[PlyCount "81"]
[EventDate "2015.09.10"]
[EventType "team-tourn"]
[EventRounds "9"]
[EventCountry "SLO"]
[SourceTitle "EXT 2022"]
[Source "ChessBase"]
[SourceDate "2021.10.06"]
[SourceVersion "1"]
[SourceVersionDate "2021.10.06"]
[SourceQuality "1"]
[WhiteTeam "Komenda Suma"]
[BlackTeam "Kamnik DU"]
[WhiteTeamCountry "SLO"]
[BlackTeamCountry "SLO"]

1. e4 e6 2. d4 d6 3. Nf3 Be7 4. Be3 a6 5. c4 Nd7 6. Nc3 c5 7. d5 e5 8. Be2 Ngf6 9. a3 0-0 10. 0-0 h6 11. Qc2 Nh7 12. Rfb1 Ng5 13. Nxg5 Bxg5 14. Bxg5 hxg5 15. b4 b6 16. Na4 g6 17. Bg4 b5 18. Bxd7 Bxd7 19. bxc5 dxc5 20. Nxc5 Rc8 21. Nxa6 Rxc4 22. Qe2 Qa5 23. Nb4 Rfc8 24. h3 Rc3 25. Qb2 g4 26. hxg4 Bxg4 27. Nc6 R8xc6 28. dxc6 Rxc6 29. Qxe5 Rb6 30. a4 Qd2 31. axb5 Qd8 32. Ra6 Rb8 33. Rd6 Qf8 34. f3 Re8 35. Qf6 Be6 36. Rbd1 Kh7 37. Rd8 Qc5+ 38. Kh2 Qc7+ 39. e5 Qe7 40. Rxe8 Qxe8 41. Rd8 1-0

[Event "Ljubljana-chT 68th 1st League"]
[Site "Ljubljana"]
[Date "2015.03.05"]
[Round "7.2"]
[White "Veskovic, Dzemal"]
[Black "Konvalinka, Kostja"]
[Result "1-0"]
[WhiteElo "1898"]
[BlackElo "1647"]
[PlyCount "119"]
[EventDate "2015.01.08"]
[EventType "team-tourn"]
[EventRounds "9"]
[EventCountry "SLO"]
[SourceTitle "EXT 2022"]
[Source "ChessBase"]
[SourceDate "2021.10.06"]
[SourceVersion "1"]
[SourceVersionDate "2021.10.06"]
[SourceQuality "1"]
[WhiteTeam "Komenda Suma"]
[BlackTeam "Dom In Agencija Neprem"]
[WhiteTeamCountry "SLO"]
[BlackTeamCountry "SLO"]

1. e4 c5 2. Nc3 d6 3. h3 Nf6 4. Nf3 Nc6 5. Bc4 e6 6. 0-0 d5 7. exd5 exd5 8. Bb5 Be7 9. d4 0-0 10. Bxc6 bxc6 11. dxc5 Bxc5 12. Bg5 h6 13. Bh4 Be7 14. Nd4 Bd7 15. Re1 Re8 16. Qf3 Rb8 17. Rab1 Rb4 18. Bxf6 Bxf6 19. Nb3 Re7 20. a3 Bxc3 21. Rxe7 Qxe7 22. axb4 Bxb4 23. c3 Bd6 24. Qe3 Qxe3 25. fxe3 Bc7 26. Ra1 Bb6 27. Kf2 f5 28. Kf3 g5 29. g4 Kf7 30. Nd4 Kf6 31. Nxf5 Bxf5 32. gxf5 Kxf5 33. Ra4 h5 34. e4+ dxe4+ 35. Rxe4 c5 36. Ra4 Ke5 37. Re4+ Kf5 38. c4 Ba5 39. b3 Bb4 40. Re7 a5 41. Rg7 Bc3 42. Rg8 Be1 43. Rf8+ Kg6 44. Ke4 Bb4 45. Rg8+ Kf6 46. Rc8 g4 47. hxg4 hxg4 48. Rg8 Be1 49. Rxg4 Ke6 50. Rg6+ Kd7 51. Kd5 Bb4 52. Rc6 Ba3 53. Rxc5 Bxc5 54. Kxc5 a4 55. bxa4 Kc7 56. a5 Kb7 57. Kd6 Ka6 58. c5 Kxa5 59. c6 Kb6 60. c7 1-0

[Event "Ljubljana-chT 67th"]
[Site "Gostovanja"]
[Date "2014.03.13"]
[Round "7.2"]
[White "Veskovic, Dzemal"]
[Black "Majcen, Zoran"]
[Result "1/2-1/2"]
[WhiteElo "1934"]
[BlackElo "1861"]
[PlyCount "50"]
[EventDate "2014.01.09"]
[EventType "team-tourn"]
[EventRounds "9"]
[EventCountry "SLO"]
[SourceTitle "EXT 2015"]
[Source "ChessBase"]
[SourceDate "2014.11.20"]
[SourceVersion "1"]
[SourceVersionDate "2014.11.20"]
[SourceQuality "1"]
[WhiteTeam "Crni Graben"]
[BlackTeam "Bor Dob"]
[WhiteTeamCountry "SLO"]
[BlackTeamCountry "SLO"]

1. e4 e6 2. Nc3 d5 3. exd5 exd5 4. d4 c6 5. h3 Bd6 6. Nf3 Ne7 7. Be2 Bf5 8. 0-0 h6 9. Bd3 0-0 10. Re1 Bxd3 11. Qxd3 Ng6 12. Bd2 Nd7 13. Re2 Re8 14. Rae1 Rxe2 15. Qxe2 Nf6 16. Ne5 Nf8 17. Ng4 N8d7 18. Qf3 Nxg4 19. hxg4 Qf6 20. Qxf6 Nxf6 21. f3 Re8 22. Rxe8+ Nxe8 23. Ne2 Nc7 24. Bf4 Bxf4 25. Nxf4 Kh7 1/2-1/2

[Event "Ljubljana-chT 67th"]
[Site "Gostovanja"]
[Date "2014.02.13"]
[Round "5.2"]
[White "Veskovic, Dzemal"]
[Black "Ursic, Jakob"]
[Result "0-1"]
[WhiteElo "1934"]
[BlackElo "1946"]
[PlyCount "100"]
[EventDate "2014.01.09"]
[EventType "team-tourn"]
[EventRounds "9"]
[EventCountry "SLO"]
[SourceTitle "EXT 2015"]
[Source "ChessBase"]
[SourceDate "2014.11.20"]
[SourceVersion "1"]
[SourceVersionDate "2014.11.20"]
[SourceQuality "1"]
[WhiteTeam "Crni Graben"]
[BlackTeam "Crni Vitezi"]
[WhiteTeamCountry "SLO"]
[BlackTeamCountry "SLO"]

1. e4 e5 2. Nf3 Nc6 3. Nc3 Nf6 4. Bc4 Nxe4 5. Nxe4 d5 6. Bd3 dxe4 7. Bxe4 Bd6 8. h3 0-0 9. 0-0 Be6 10. c3 f5 11. Bxc6 bxc6 12. d3 e4 13. Ng5 Bd5 14. c4 Bf7 15. Kh1 Qe7 16. f4 Bg6 17. h4 h6 18. h5 Be8 19. Nh3 Qh4 20. Be3 Bxh5 21. Qd2 Bg4 22. Qf2 Qxf2 23. Nxf2 Be2 24. Rfe1 exd3 25. c5 Be7 26. Bd2 Bxc5 27. Nd1 Bd4 28. Rc1 c5 29. b4 cxb4 30. Rxc7 a5 31. Rc4 Bb6 32. Nb2 Rac8 33. Rec1 Rxc4 34. Rxc4 Re8 35. Na4 Be3 36. Bxe3 Rxe3 37. Rd4 Re4 38. Rd8+ Kf7 39. g3 Ke7 40. Rg8 d2 41. Nb2 d1Q+ 42. Nxd1 Bxd1 43. Rxg7+ Kf6 44. Ra7 Re1+ 45. Kg2 Re2+ 46. Kh3 Rxa2 47. Ra6+ Ke7 48. Rxh6 Bg4+ 49. Kh4 Rh2+ 50. Kg5 Rxh6 0-1